Strategic Flood Risk Management (Record no. 115221)

MARC details
000 -LEADER
fixed length control field 00982cad a22002055a 4500
001 - CONTROL NUMBER
control field L158241
008 - FIXED-LENGTH DATA ELEMENTS--GENERAL INFORMATION
fixed length control field 141105s2014 xxk f 000 0 eng d
035 ## - SYSTEM CONTROL NUMBER
System control number (Sirsi) u158241
041 0# - LANGUAGE CODE
Language code of text/sound track or separate title eng
110 2# - MAIN ENTRY--CORPORATE NAME
Corporate name or jurisdiction name as entry element National Audit Office
9 (RLIN) 4918
245 00 - TITLE STATEMENT
Title Strategic Flood Risk Management
Medium [electronic resource]
260 ## - PUBLICATION, DISTRIBUTION, ETC.
Place of publication, distribution, etc. London
Name of publisher, distributor, etc. National Audit Office
Date of publication, distribution, etc. 2014
520 ## - SUMMARY, ETC.
Summary, etc. National Audit Office report comments that the Environment Agency has improved its cost effectiveness and prioritization of its flood risk spending. However DEFRA and the agency have limited resources and current spending is insufficient to meet many of the maintenance needs the Agency has identified for its flood defences.
590 ## - LOCAL NOTE (RLIN)
Local note KA
651 #4 - SUBJECT ADDED ENTRY--GEOGRAPHIC NAME
Geographic name England
Chronological subdivision 886-
690 ## - LOCAL SUBJECT ADDED ENTRY--TOPICAL TERM (OCLC, RLIN)
Topical term or geographic name as entry element Environment
9 (RLIN) 6238
690 ## - LOCAL SUBJECT ADDED ENTRY--TOPICAL TERM (OCLC, RLIN)
Topical term or geographic name as entry element Infrastructure
9 (RLIN) 6246
856 40 - ELECTRONIC LOCATION AND ACCESS
Uniform Resource Identifier <a href="https://www.nao.org.uk/wp-content/uploads/2014/11/Strategic-flood-risk-management.pdf/">https://www.nao.org.uk/wp-content/uploads/2014/11/Strategic-flood-risk-management.pdf/</a>
Public note View the report free of charge at www.nao.org.uk
942 ## - ADDED ENTRY ELEMENTS (KOHA)
Suppress in OPAC 0
Holdings
Withdrawn status Lost status Source of classification or shelving scheme Damaged status Not for loan Home library Current library Shelving location Date acquired Total Checkouts Full call number Barcode Date last seen Copy number Price effective from Koha item type
    Dewey Decimal Classification     London London Online 05/11/2014   ONLINE PUBLICATION 158241-1001 06/08/2019 1 06/08/2019 Book